Port Royal

Na minha lista:
Detalhes bibliográficos
Autor principal: De Montherlant, Henry
Formato: Livro
Idioma:Undetermined
Publicado em: París, Francia Gallimard 1963
Assuntos:
Tags: Adicionar Tag
Sem tags, seja o primeiro a adicionar uma tag!

MARC

LEADER 00000nam a2200000Ia 4500
008 170316s9999 xx 000 0 und d
040 |a cru BVZT 
090 |a 840 M-25p 
100 |a De Montherlant, Henry 
245 |a Port Royal 
260 |a París, Francia 
260 |b Gallimard 
260 |c 1963 
300 |a 182 páginas 
650 |a LITERATURA FRANCESA 
999 |c 7840  |d 7840 
942 |c 15 D  |h 840 M-25p  |2 z